Betegségéből kovácsolt tőkét Hodossy Péter tavaly tíz alkalommal teljesítette a maratoni távot ...

Bibliographic Details
Main Authors: Ágh, István, 1949- (Author, Interviewer), Hodossy, Péter, 1978- (Author)
Format: Article
Language:Hungarian
PhysicalDescription:Fotogr.
Subjects:

MARC

LEADER 00000nab a2200000 ar4500
001 vtls008954077
003 SK-MaSNL
005 20260319071314.0
008 070207c20070207xo |||||||| 000 b|hun
015 |a SNBRB2007/02  |2 snkbucl 
038 |a SNKBUCL 
040 |a DSZK  |b slo  |c DSZK  |e AACR2  |d SNKBUCL 
041 0 |a hun 
044 |a xo  |c SK 
080 |a 796.422.16.071  |2 1997 
100 1 |a Ágh, István,  |d 1949-  |4 ivr  |4 aut  |9 867680 
245 1 0 |a Betegségéből kovácsolt tőkét  |b Hodossy Péter tavaly tíz alkalommal teljesítette a maratoni távot ...  |c Ágh István, Hodossy Péter 
300 |b Fotogr. 
600 1 7 |a Hodossy, Péter,  |d 1978-  |2 snkbucl  |9 336071 
650 0 7 |a ľahká atletika  |x maratónsky beh  |2 snkbucl  |9 1067535 
655 7 |a rozhovory  |2 snkbucl  |9 31831 
700 1 |a Hodossy, Péter,  |d 1978-  |4 ive  |4 aut  |9 336071 
773 0 |t Új szó  |g Évf. 60, sz. 31 (7.2.2007) 
773 0 8 |i Príl.:  |t Új szó dunaszerdahelyi járás galántai járás pozsony szenci járás  |g Évf. 2, sz. 5 (2007), o. VII 
852 |a SNK  |b KIS3GCP 
852 |a DSZK  |b KIS3GCP 
958 |a HU 
958 |a SK 
999 |c 1754736  |d 1756666